Problemy material'noj sbalansirovannosti narodnogo chozjajstva v 1991 g.
Zhoršenie situácie na trhu potravinárskych a spotrebných tovarov. Celoštátne priority, na ktoré sú pridelené zdroje. Potreba rozvoja trhovej infraštruktúry. Pokles dodávateľskej disciplíny. Uzatváranie republikových zmlúv a zmlúv medzi podnikmi. Zdokonalenie zúčtovacej bilancie.
Salvato in:
| Autore principale: | |
|---|---|
| Natura: | Capitolo di libro |
| Lingua: | russo |
| Soggetti: | |
| Tags: |
Nessun Tag, puoi essere il primo ad aggiungerne!!
|
MARC
| LEADER | 00000naa a2200000 4500 | ||
|---|---|---|---|
| 001 | r003313 | ||
| 005 | 20221208123028.2 | ||
| 041 | 0 | |a rus | |
| 044 | |a [SU] | ||
| 245 | 1 | 0 | |a Problemy material'noj sbalansirovannosti narodnogo chozjajstva v 1991 g. |c A. Škurskij |
| 520 | |a Zhoršenie situácie na trhu potravinárskych a spotrebných tovarov. Celoštátne priority, na ktoré sú pridelené zdroje. Potreba rozvoja trhovej infraštruktúry. Pokles dodávateľskej disciplíny. Uzatváranie republikových zmlúv a zmlúv medzi podnikmi. Zdokonalenie zúčtovacej bilancie. | ||
| 610 | 2 | 0 | |a bilancia hmotná |
| 610 | 2 | 0 | |a tovar spotrebný |
| 610 | 2 | 0 | |a potraviny |
| 610 | 2 | 0 | |a ZSSR |
| 610 | 2 | 0 | |a trh vnútorný |
| 610 | 2 | 0 | |a infraštruktúra |
| 610 | 2 | 0 | |a zmluvy hospodárske |
| 610 | 2 | 0 | |a zúčtovanie |
| 610 | 2 | 0 | |a bilancie |
| 610 | 2 | 0 | |a disciplína hospodárska |
| 100 | 1 | |a Škurskij, A. | |